| 000 | 01569nam a22004337a 4500 | ||
|---|---|---|---|
| 001 | 000096216 | ||
| 003 | CHAP | ||
| 005 | 20220329143147.0 | ||
| 008 | 010920d2006 mx r 00110 spa d | ||
| 010 | _a92682 | ||
| 011 | _a93654 | ||
| 035 | _a104234 | ||
| 040 | _cCHAP | ||
| 090 | _aTesis | ||
| 100 | 1 |
_aVega Aquino, Dora. _9118241 |
|
| 245 | 1 | 0 |
_aPromoción de la brotación en otoño en durazno cv. diamante en un ambiente semicálido húmedo / _c/por Dora Vega Aquino. |
| 260 |
_aChapingo, Méx. : _bEl autor, _c2006. |
||
| 300 |
_a70 h. : _bilus.; gráfs.; cuadros. |
||
| 502 | _aTesis (M.C. en Horticultura) - - UACH. Departamento de Fitotecnia | ||
| 590 |
_aALEPH _b10 _c20130110 _lUCH01 _h1513 |
||
| 590 |
_aBATCH-UPD _b10 _c20130110 _lUCH01 _h0028 |
||
| 590 |
_aBATCH-UPD _b10 _c20130110 _lUCH01 _h0716 |
||
| 590 |
_aBATCH-UPD _b10 _c20130409 _lUCH01 _h2009 |
||
| 590 |
_aBATCH-UPD _b10 _c20130914 _lUCH01 _h1224 |
||
| 590 |
_aBATCH-UPD _b10 _c20140324 _lUCH01 _h1458 |
||
| 590 |
_aBATCH-UPD _b10 _c20141002 _lUCH01 _h0831 |
||
| 590 |
_aCONVERSION _b10 _c20130109 _lUCH01 _h1351 |
||
| 590 |
_aE5765TAJ _b10 _c20130529 _lUCH01 _h1424 |
||
| 650 | 1 | 4 |
_aDurazno _xEfecto del clima. _934591 |
| 650 | 1 | 4 |
_aDurazno _xFloración. _934600 |
| 650 | 1 | 4 |
_aDurazno _xVeracruz. _934634 |
| 856 |
_3Finding aid _uhttp://10.13.5.2/tesis/104234.pdf _zTeclea aquí |
||
| 901 | _aBK | ||
| 905 | _aElisama A. H. | ||
| 942 | _cCD | ||
| 942 | _n0 | ||
| 949 |
_aTesis _bBC _cTES _d00000000104234 _eTS1 _h45472 _i104234 _sb |
||
| 949 |
_aTesis _bBC _cTES _d33724000989901 _eTS2 _fc.2 _h45473 _i104234 _si |
||
| 999 |
_c92682 _d92682 |
||